LEADER 01248nam0-2200385li-450- 001 990000250240203316 005 20090824124328.0 035 $a0025024 035 $aUSA010025024 035 $a(ALEPH)000025024USA01 035 $a0025024 100 $a19940303d1981----km-y0itay50------ba20001109d--------km-y0itay0103----ba 101 $aeng 102 $aNL 105 $a||||||||001yy 200 1 $a<> electron-phonon interaction$fGöran Grimvall 210 $aAmsterdam$cNorth Holland$dcopyr. 1981 215 $aXIV, 304 p.$d23 cm 225 2 $aSelected topics in solid state physics$v16 410 0$12001$aSelected topics in solid state physics$v16 606 0 $aFisica dello stato solido 676 $a530.41 700 1$aGRIMVALL,$bGöran$047395 801 0$aSistema bibliotecario di Ateneo dell' Università di Salerno$bsalbc$gRICA 912 $a990000250240203316 951 $a530.41 STS (16)$b0004258/cbs$c530.41$d00326134 959 $aBK 969 $aSCI 979 $c19940303 979 $c20001110$lUSA01$h1715 979 $c20020403$lUSA01$h1633 979 $aPATRY$b90$c20040406$lUSA01$h1618 979 $aRSIAV7$b90$c20090824$lUSA01$h1243 996 $aElectron-phonon interaction$9882178 997 $aUNISA LEADER 03625nam 2200613 450 001 9910788646703321 005 20180613001235.0 010 $a0-8218-7774-7 010 $a0-8218-5520-4 035 $a(CKB)3240000000069712 035 $a(EBL)3113078 035 $a(SSID)ssj0000629247 035 $a(PQKBManifestationID)11441849 035 $a(PQKBTitleCode)TC0000629247 035 $a(PQKBWorkID)10718911 035 $a(PQKB)11533572 035 $a(MiAaPQ)EBC3113078 035 $a(RPAM)2543710 035 $a(PPN)197105106 035 $a(EXLCZ)993240000000069712 100 $a19941108h19951995 uy| 0 101 0 $aeng 135 $aur|n|---||||| 181 $ctxt 182 $cc 183 $acr 200 10$aApplications of hypergroups and related measure algebras $ea Joint Summer Research Conference on Applications of Hypergroups and Related Measure Algebras, July 31-August 6, 1993, Seattle, Washington /$fWilliam C. Connett, Marc-Olivier Gebuhrer, Alan L. Schwartz, editors 210 1$aProvidence, Rhode Island :$cAmerican Mathematical Society,$d[1995] 210 4$dİ1995 215 $a1 online resource (458 p.) 225 1 $aContemporary mathematics,$x0271-4132 ;$v183 300 $aDescription based upon print version of record. 311 $a0-8218-0297-6 320 $aIncludes bibliographical references. 327 $a""Asymptotic behaviour of the paths of random walks on some commutative hypergroups""""I. Preliminaries on classical random walks""; ""II. Random walks on hypergroups""; ""III. Recurrence and transience behaviour""; ""IV. Laws of large numbers""; ""V. Central limit theorems""; ""Bounded measures algebras: A fixed point approach""; ""Progress in the theory of probability on hypergroups""; ""Discrete hypergroups associated with compact quantum Gelfand pairs""; ""Transmutation operators and the inverse spectral problem""; ""Limit theorems for the spin process"" 327 $a""Differential operators with matrix coefficients and transmutations""""Generalized product formula for orthogonal polynomials""; ""An infinitesimal algebra of the hypergroup generated by double cosets and nonlinear differential equations""; ""Convolution algebras which are not necessarily positivity-preserving""; ""Signed hypergroupsa???a survey""; ""On the relation between subfactors and hypergroups""; ""Connection coefficients of orthogonal polynomials with applications to classical orthogonal polynomials"" 327 $a""Generalized transmutation and translation operators associated with partial differential operators""""Gel'fand pairs of quantum groups, hypergroups and q-special functions""; ""Central limit theorems for Jacobi hypergroups""; ""Finite commutative hyper groups and applications from group theory to conformal field theory""; ""Kolmogorov's three series theorem on one-dimensional hypergroups"" 410 0$aContemporary mathematics (American Mathematical Society) ;$v183. 606 $aHypergroups$vCongresses 606 $aMeasure algebras$vCongresses 615 0$aHypergroups 615 0$aMeasure algebras 676 $a515/.785 702 $aConnett$b William C$g(William Carroll),$f1939- 702 $aGebuhrer$b Marc-Olivier$f1945- 702 $aSchwartz$b Alan L$g(Alan Lee),$f1941- 712 12$aJoint Summer Research Conference on Applications of Hypergroups and Related Measure Algebras 801 0$bMiAaPQ 801 1$bMiAaPQ 801 2$bMiAaPQ 906 $aBOOK 912 $a9910788646703321 996 $aApplications of hypergroups and related measure algebras$93852138 997 $aUNINA